| 000 | 00342 a2200133 4500 | ||
|---|---|---|---|
| 082 | _a300.723 | ||
| 090 |
_c6356 _d6356 |
||
| 100 | _aRichards Lyn. | ||
| 245 |
_aHandling Qualitative Data. _bA Practical Guide. _cRichards Lyn. |
||
| 260 |
_aLondon. _bSage. _c2005. |
||
| 300 | _a207p. | ||
| 500 | _aPaper cover. | ||
| 942 |
_aNBS _cBK _k300.723 LYN |
||
| 999 |
_c348721 _d348721 |
||